Tableau périodique des éléments : Éléments par R - Statistiques

Statistiques générales
  • Ce quiz a été pris 406 fois
  • Le résultat moyen est 5 sur 8
Statistiques - réponses
Éléments % Correct
Radium
92%
Radon
86%
Rhodium
73%
Rubidium
67%
Rutherfordium
63%
Ruthénium
60%
Rhénium
57%
Roentgenium
46%
Aucun quiz correspondant
Distribution des résultats
% des personnes avec chaque résultat
Percentile par nombre de réponses
Votre historique - résultats
Vous n’avez pas pris ce quiz